UFC Bantamweight Champions - Statistics

General Stats
  • This quiz has been taken 197 times
    61 since last reset
  • The average score is 10 of 12
Answer Stats
Year Bantamweight % Correct
2025-2024 Merab Dvalishvili
98%
2025-2024 (incumbent) Petr Yan
98%
2021-2020 Petr Yan
98%
2024-2023 Sean O'Malley
96%
2023-2021 Aljamain Sterling
92%
2016 Dominick Cruz
88%
2014-2010 Dominick Cruz
88%
2019-2017 T.J Dillashaw
87%
2016-2014 T.J Dillashaw
87%
2017-2016 Cody Garbrandt
75%
2020-2019 Henry Cejudo
75%
2014 Renan Barão
46%
No matching quizzes found
Score Distribution
Percent of People with Each Score
Percentile by Number Answered
Your Score History
You have not taken this quiz since the last reset